01579cam a2200397 a 4500952013200000952015900132999001700291001000900308003000900317005001700326008004100343010001700384020001800401025002700419037005300446040002800499041001300527042001500540043001200555050002400567082001600591100003000607245010400637260004000741300003600781504005400817546003100871600004000902610004000942650003500982650002301017651004701040651003701087906004501124942001201169 00102ddc40708NFICaASLbASLcGENd2021-06-19eComplimentaryl0o923.5 SHAp109720r2021-06-19 00:00:00tC-1w2021-06-19yBK 00102ddc40708NFICaASLbASLcSICd2021-07-14eDonated by Professor Sirajul Islam, FRHSl0o923.5 SHAp110172r2021-07-14 00:00:00tC-2w2021-07-14yBK c25043d2504316702653BDDh-ASL20231015030435.0110322s2011 bg a b 000 0 eng  a 2011321346 a9789843323231 aB-E-2011-321346; 21-92 bLibrary of Congress -- New Delhi Overseas Office aDLCcDLCdDLCdBDDh-ASL0 aengaben alcodeapcc aa-ii---00aDS481.C44bS35 2011 a923.5bSHA 1 aShibly, Atful Hye,d1944-10aAbdul Matin Chaudhury (1895-1948) :btrusted lieutenant of Mohammad Ali Jinnah /cAtful Hye Shibly. aDhaka :bJuned A. Choudhury,c2011. axviii, 196 p. :bill. ;c23 cm. aIncludes bibliographical references (p. 167-173). aIncludes parts in Bengali.10aChaudhury, Abdul Matin,d1895-1948.20aAll India Muslim LeaguevBiography. 0aPoliticianszIndiavBiography. 0aPakistan movement. 0aIndiaxPolitics and governmenty1919-1947. 0aIndiaxHistoryyPartition, 1947. a7bcbccorigoded3encipf20gy-gencatlg 2ddccBK